| 000 | 01307nam0a22002771 4500 | ||
|---|---|---|---|
| 001 | rc\2848792 | ||
| 005 | 20250529204129.0 | ||
| 035 | _a(NLR Aleph) 007004148 | ||
| 090 |
_a5750746 _c5750746 |
||
| 100 | _a20110704d1928 |||y0rusy50 ca | ||
| 101 | 0 | _arus | |
| 102 | _aRU | ||
| 105 | _aa z ||||| | ||
| 200 | 1 |
_aМетодическая записка к I части пособия "Счет и игра" ... _fГ. Б, Поляк |
|
| 210 |
_aМосква _aЛенинград _cГос. изд-во _d1928 _eМосква _g1-я Образцовая тип. |
||
| 215 |
_a24 с. _cил. _d17х13 см |
||
| 225 | 1 | _aПособия для трудовой школы | |
| 300 | _a2-е изд.: Поляк, Г.Б. Методическая записка. К 1-й части пособия по арифметике. Дружная работа | ||
| 517 | 0 | 0 | _aСчет и игра |
| 604 |
_150010$a1.2.3.4. Счет и игра$2nlr_sh1 _1700#1$aПоляк$bГ. Б.$gГирш Борисович$4070 _t1.2.3.4. Счет и игра _aПоляк, Гирш Борисович |
||
| 700 | 1 |
_7ca _8rus _aПоляк _bГ. Б. _f1894- _gГригорий Борисович _9223415 _3RU\NLR\AUTH\770223471 |
|
| 801 | 0 |
_aRU _bNLR _gpsbo |
|
| 801 | 1 |
_aRU _bELAR _2rusmarc |
|
| 852 |
_aNLR _j61/1210 |
||
| 942 | _cBOOK | ||
| 980 | _aNB | ||